| 000 | 00526nam a2200169 a 4500 | ||
|---|---|---|---|
| 001 | 000016581 | ||
| 005 | 20200929164930.0 | ||
| 008 | 100308s1974 dr 000 0 spa d | ||
| 040 |
_aDO-SdBNP _bspa _cBNPHU |
||
| 082 |
_axxxx _bC957p |
||
| 100 | 1 |
_aCruz Valenzuela, Angel _936871 |
|
| 245 | 1 | 0 |
_aPrevención de accidentes debido a los efectos de la electricidad / _cAngel Cruz Valenzuela. |
| 260 |
_aSanto Domingo : _bTaller, _c1974. |
||
| 300 |
_a60 p. ; _c21 cm. |
||
| 504 | _aIncluye bibliografías (p. 60) | ||
| 049 | _aBNPD | ||
| 999 |
_c16114 _d16114 |
||